[Event "XXIX CAMPEONATO DE EUSKADI DE VETERANOS"]
[Site "Zarauz"]
[Date "2019.06.22"]
[Round "4.2"]
[White "Cemborain Oricain, Alfonso"]
[Black "Fernandez Hernandez, Gerardo"]
[Result "0-1"]
[WhiteElo "1891"]
[BlackElo "2151"]
[PlyCount "63"]
[EventDate "2019.06.22"]

1. e4 e6 2. d3 d5 3. Nd2 Nf6 4. g3 dxe4 5. dxe4 Nc6 6. Bg2 Bc5 7. Ngf3 e5 8.
O-O O-O 9. Qe2 b6 10. Nb3 Bd6 11. Nh4 h6 12. Qd1 a5 13. Nd2 Ba6 14. Re1 Bc5 15.
Nf1 Nd4 16. Be3 a4 17. b3 Ne2+ 18. Kh1 Ng4 19. Bf3 Qxd1 20. Raxd1 Nxe3 21. Nxe3
Bxe3 22. fxe3 Nc3 23. Rd7 Ra7 24. Ra1 Bb5 25. Rd2 Raa8 26. Nf5 Rfe8 27. g4 Kf8
28. Kg2 Red8 29. Rf2 Rd7 30. Ng3 Rad8 31. Nf1 Ke7 32. g5 0-1

[Event "XXIX CAMPEONATO DE EUSKADI DE VETERANOS"]
[Site "Zarauz"]
[Date "2019.06.22"]
[Round "4.3"]
[White "Besga Lopez, Jose Angel"]
[Black "Ruiz Escobar, Rafael"]
[Result "1-0"]
[WhiteElo "2029"]
[BlackElo "1939"]
[PlyCount "83"]
[EventDate "2019.06.22"]

1. e4 c5 2. d4 e6 3. Nf3 d6 4. dxc5 Qa5+ 5. Nc3 dxc5 6. Bb5+ Bd7 7. Bxd7+ Nxd7
8. O-O Be7 9. Qe2 a6 10. Rd1 Qc7 11. e5 O-O-O 12. Bf4 f5 13. exf6 Qxf4 14. fxg7
Bf6 15. gxh8=Q Bxh8 16. Qxe6 Ngf6 17. Nd5 Nxd5 18. Rxd5 Bxb2 19. Rad1 Qf6 20.
Rxc5+ Kb8 21. Qxf6 Bxf6 22. Rcd5 Kc8 23. Ng5 Bxg5 24. Rxg5 Re8 25. Rg7 Nf6 26.
Rf7 Re6 27. f3 h5 28. Kf2 b5 29. h3 h4 30. Rd4 Rc6 31. Rxh4 Rxc2+ 32. Kg3 Nd7
33. Rh8+ Kc7 34. Rhh7 Rd2 35. Kf4 a5 36. Ke3 Rxa2 37. Rxd7+ Kb6 38. Rd5 a4 39.
Rhh5 Rb2 40. Rxb5+ Rxb5 41. Rxb5+ Kxb5 42. Kd3 1-0

[Event "XXIX CAMPEONATO DE EUSKADI DE VETERANOS"]
[Site "Zarauz"]
[Date "2019.06.22"]
[Round "4.4"]
[White "Vinal Gutierrez, Pedro"]
[Black "Ladron De Guevara Galar, Fco J"]
[Result "0-1"]
[WhiteElo "2026"]
[BlackElo "2029"]
[PlyCount "112"]
[EventDate "2019.06.22"]

1. d4 Nf6 2. Bf4 d5 3. e3 c5 4. c3 Nc6 5. Nd2 Bf5 6. Qb3 Qc8 7. Ngf3 h6 8. h3
e6 9. Be2 Be7 10. O-O c4 11. Qd1 b5 12. Ne5 O-O 13. g4 Bh7 14. g5 hxg5 15. Bxg5
Re8 16. f4 Ne4 17. Nxe4 Bxe4 18. Bxe7 Nxe7 19. Bh5 Rf8 20. Bf3 f6 21. Ng4 Nf5
22. Bxe4 dxe4 23. Qc2 Qc6 24. Qf2 Kf7 25. Rac1 Rh8 26. Kg2 Qd5 27. Rh1 Rh4 28.
Kf1 Rah8 29. Kg2 Ne7 30. Rh2 Qh5 31. Rch1 Nf5 32. Qe2 Ke7 33. b3 Nd6 34. Qd1
Qd5 35. b4 Nf5 36. Re1 R4h7 37. Re2 Nh4+ 38. Kg3 Rh5 39. a4 Nf5+ 40. Kg2 Nd6
41. Nf2 Qc6 42. a5 a6 43. Qc2 Qd5 44. Kh1 Nf5 45. Rg2 R8h7 46. Qb1 Nh4 47. Rg3
f5 48. Qg1 Kf7 49. Qf1 Nf3 50. Kg2 Qd8 51. Nh1 Qf6 52. Nf2 Ke7 53. Qd1 Kd6 54.
Qf1 Kd5 55. Qh1 g5 56. fxg5 Rxg5 0-1

[Event "XXIX CAMPEONATO DE EUSKADI DE VETERANOS"]
[Site "Zarauz"]
[Date "2019.06.22"]
[Round "4.5"]
[White "Veiga Ramil, Jesus Angel"]
[Black "Otano Villanueva, Joseba"]
[Result "1/2-1/2"]
[WhiteElo "1726"]
[BlackElo "1709"]
[PlyCount "83"]
[EventDate "2019.06.22"]

1. Nf3 Nf6 2. b3 g6 3. Bb2 Bg7 4. g3 O-O 5. Bg2 d6 6. O-O e5 7. d3 Nc6 8. Nbd2
Bd7 9. c4 Re8 10. Rc1 Qc8 11. e4 Bh3 12. a3 Bxg2 13. Kxg2 Nh5 14. Nh4 Bf6 15.
Ndf3 Qg4 16. Kh1 Ne7 17. Ng2 c6 18. c5 Qd7 19. Ne3 Bg7 20. cxd6 Nc8 21. Nc4 f6
22. Qe2 Nxd6 23. Nxd6 Qxd6 24. Rcd1 Qe6 25. Qc2 Qh3 26. d4 Qg4 27. Nd2 Red8 28.
Qc4+ Kh8 29. dxe5 fxe5 30. Rfe1 Qg5 31. Qe2 Bh6 32. Nf3 Qe7 33. Rxd8+ Rxd8 34.
Bxe5+ Bg7 35. Bxg7+ Nxg7 36. h4 Qxa3 37. Qc4 Qf8 38. Ne5 b5 39. Nf7+ Kg8 40.
Nh6+ Kh8 41. Nf7+ Kg8 42. Nh6+ 1/2-1/2

[Event "XXIX CAMPEONATO DE EUSKADI DE VETERANOS"]
[Site "Zarauz"]
[Date "2019.06.22"]
[Round "4.6"]
[White "Saenz Martinez, Juan Jose"]
[Black "Zubia Aramburu, Mikel"]
[Result "1/2-1/2"]
[WhiteElo "2201"]
[BlackElo "1668"]
[PlyCount "54"]
[EventDate "2019.06.22"]

1. d4 d5 2. c4 c6 3. Nf3 Nf6 4. e3 Bg4 5. Be2 e6 6. O-O Bd6 7. b3 O-O 8. Bb2
Qc7 9. h3 Bxf3 10. Bxf3 Nbd7 11. Nc3 dxc4 12. bxc4 e5 13. Qb3 exd4 14. exd4
Rfe8 15. Rfe1 Nf8 16. d5 Ng6 17. Na4 cxd5 18. cxd5 Be5 19. Rac1 Qa5 20. Red1 b5
21. Nc5 Bxb2 22. Qxb2 Qb6 23. d6 Rad8 24. Qd4 Ne5 25. Bd5 Rxd6 26. Ne4 Nxe4 27.
Qxe4 Qd8 1/2-1/2

[Event "XXIX CAMPEONATO DE EUSKADI DE VETERANOS"]
[Site "Zarauz"]
[Date "2019.06.22"]
[Round "4.7"]
[White "Lazkano Gaite, Tomas"]
[Black "Martin Molinero, Martin"]
[Result "1-0"]
[WhiteElo "1685"]
[BlackElo "1987"]
[PlyCount "55"]
[EventDate "2019.06.22"]

1. d4 e5 2. e4 exd4 3. c3 d5 4. exd5 Qxd5 5. Nf3 Bg4 6. Qa4+ Qd7 7. Qxd7+ Nxd7
8. Nxd4 O-O-O 9. f3 Bh5 10. Bf4 Bc5 11. b4 Bxd4 12. cxd4 Nb6 13. Nc3 Nf6 14.
Be5 Rhe8 15. Kf2 Nbd7 16. g4 Bg6 17. Bg3 Nb6 18. Nb5 Nfd5 19. Rc1 Re7 20. Nxa7+
Kd7 21. Bb5+ c6 22. Nxc6 bxc6 23. Bxc6+ Kc8 24. Bxd5+ Kd7 25. Rc7+ Ke8 26.
Rxe7+ Kxe7 27. Bc6 Rxd4 28. Re1+ 1-0

[Event "XXIX CAMPEONATO DE EUSKADI DE VETERANOS"]
[Site "Zarauz"]
[Date "2019.06.22"]
[Round "4.8"]
[White "Arocena Uria, Jaime"]
[Black "Gonzalez Izaguirre, Salustiano"]
[Result "1-0"]
[WhiteElo "1787"]
[BlackElo "1739"]
[PlyCount "70"]
[EventDate "2019.06.22"]

1. e4 c6 2. d4 d5 3. Nc3 dxe4 4. Nxe4 Bf5 5. Ng3 Nf6 6. Nxf5 Qa5+ 7. c3 Qxf5 8.
Bd3 Qe6+ 9. Ne2 g6 10. O-O Bg7 11. Nf4 Qd6 12. Qb3 Qc7 13. Re1 O-O 14. Bxg6
hxg6 15. Nxg6 e6 16. Bf4 Qd7 17. Nxf8 Kxf8 18. Be5 Qc8 19. Bd6+ Kg8 20. Re3
Nbd7 21. Rae1 b6 22. Rh3 c5 23. Rxe6 cxd4 24. Re7 Qf8 25. Rxd7 Qe8 26. Re7 Qf8
27. Ba3 Rc8 28. Rxa7 Qe8 29. Re7 Qf8 30. Rg3 Rc6 31. Qb5 Qc8 32. Qg5 Nh5 33.
Qxh5 Rg6 34. Rxg6 fxg6 35. Qxg6 Qf8 1-0

[Event "XXIX CAMPEONATO DE EUSKADI DE VETERANOS"]
[Site "Zarauz"]
[Date "2019.06.22"]
[Round "4.9"]
[White "Llorente Munoz, Carlos"]
[Black "Goti Cordon, Luis Pedro"]
[Result "0-1"]
[WhiteElo "1454"]
[BlackElo "1243"]
[PlyCount "86"]
[EventDate "2019.06.22"]

1. e4 e6 2. d4 b6 3. g3 Bb7 4. Bg2 Nf6 5. Nc3 Bb4 6. f3 Bxc3+ 7. bxc3 d5 8. e5
Nfd7 9. a4 a5 10. Ne2 O-O 11. Nf4 Ba6 12. Bf1 c5 13. Ba3 Bxf1 14. Kxf1 Re8 15.
h4 Qc7 16. Qd2 cxd4 17. cxd4 Qc4+ 18. Kf2 Nc6 19. Bb2 Qb4 20. Qxb4 Nxb4 21. c3
Rec8 22. Rhc1 Nc6 23. Nd3 f6 24. f4 fxe5 25. fxe5 Ne7 26. Ba3 Nf5 27. Kf3 Nc5
28. Nxc5 bxc5 29. h5 c4 30. g4 Nh6 31. Rab1 Rab8 32. Bd6 Rb3 33. Rxb3 cxb3 34.
Ba3 Rc4 35. Bb2 Rxa4 36. Ra1 Ra2 37. Rb1 a4 38. Ba1 Rxa1 39. Rxa1 b2 40. Rxa4
b1=Q 41. Ra8+ Kf7 42. Ra7+ Ke8 43. Ra8+ Kd7 0-1

[Event "XXIX CAMPEONATO DE EUSKADI DE VETERANOS"]
[Site "Zarauz"]
[Date "2019.06.23"]
[Round "5.1"]
[White "Ladron De Guevara Galar, Fco J"]
[Black "Lakunza Oyarbide, Juan Carlos"]
[Result "1-0"]
[WhiteElo "2029"]
[BlackElo "2052"]
[PlyCount "70"]
[EventDate "2019.06.22"]

1. d4 Nf6 2. c4 e6 3. Nc3 c5 4. d5 exd5 5. cxd5 d6 6. e4 g6 7. h3 Bg7 8. Nf3
O-O 9. Bd3 b6 10. O-O Ba6 11. Re1 Bxd3 12. Qxd3 a6 13. a4 Ra7 14. Bf4 Nh5 15.
Bh2 Re8 16. Nd2 Be5 17. g3 Rb7 18. Nc4 Bxc3 19. bxc3 b5 20. axb5 axb5 21. Nd2
Qb6 22. g4 Ng7 23. Reb1 Rd8 24. c4 b4 25. e5 dxe5 26. Bxe5 Nd7 27. Bb2 Ra7 28.
Ne4 Rxa1 29. Rxa1 f5 30. Ng5 h6 31. Bxg7 hxg5 32. Bb2 Qd6 33. Re1 Qf8 34. Re6
Qf7 35. Qe3 Kf8 1-0

[Event "XXIX CAMPEONATO DE EUSKADI DE VETERANOS"]
[Site "Zarauz"]
[Date "2019.06.23"]
[Round "5.2"]
[White "Fernandez Hernandez, Gerardo"]
[Black "Besga Lopez, Jose Angel"]
[Result "1-0"]
[WhiteElo "2151"]
[BlackElo "2029"]
[PlyCount "56"]
[EventDate "2019.06.22"]

1. e4 e5 2. Nf3 Nc6 3. Nc3 d6 4. d4 Bg4 5. Bb5 exd4 6. Qxd4 Bxf3 7. gxf3 Qd7 8.
Qd1 a6 9. Be2 g6 10. Be3 Bg7 11. Qd2 b5 12. f4 Nge7 13. h4 h5 14. O-O-O Qe6 15.
Nd5 O-O 16. Bf3 Nxd5 17. Qxd5 Qxd5 18. Rxd5 Nb4 19. Rd2 Nxa2+ 20. Kb1 Nb4 21.
c3 Nc6 22. e5 Na5 23. Bxa8 Rxa8 24. exd6 Nc4 25. Rd5 cxd6 26. f5 Re8 27. fxg6
fxg6 28. Rg1 Kh7 1-0

[Event "XXIX CAMPEONATO DE EUSKADI DE VETERANOS"]
[Site "Zarauz"]
[Date "2019.06.23"]
[Round "5.3"]
[White "Albaina Alvarez, Alvaro"]
[Black "Vinal Gutierrez, Pedro"]
[Result "0-1"]
[WhiteElo "2061"]
[BlackElo "2026"]
[PlyCount "50"]
[EventDate "2019.06.22"]

1. e4 e6 2. d4 d5 3. Nc3 Bb4 4. Nge2 Nf6 5. Bg5 dxe4 6. a3 Be7 7. Bxf6 gxf6 8.
Nxe4 b6 9. Nf4 f5 10. Ng3 Bb7 11. Bb5+ c6 12. Bc4 Qd6 13. Ngh5 Rg8 14. Qd3 Nd7
15. O-O-O O-O-O 16. Ba6 Nf6 17. Bxb7+ Kxb7 18. Qf3 Ne4 19. Kb1 Bg5 20. Ka1 Rd7
21. Ne2 Rgd8 22. Nhg3 Qd5 23. Rhe1 Nd6 24. Qxd5 cxd5 25. Nc1 Nc4 0-1

[Event "XXIX CAMPEONATO DE EUSKADI DE VETERANOS"]
[Site "Zarauz"]
[Date "2019.06.23"]
[Round "5.4"]
[White "Ruiz Escobar, Rafael"]
[Black "Arocena Uria, Jaime"]
[Result "1-0"]
[WhiteElo "1939"]
[BlackElo "1787"]
[PlyCount "75"]
[EventDate "2019.06.22"]

1. d4 Nf6 2. c4 e6 3. Nc3 Bb4 4. Qc2 d5 5. e3 c5 6. cxd5 exd5 7. dxc5 Bxc5 8.
Bd3 Nc6 9. a3 O-O 10. Nge2 Ne5 11. Bb5 a6 12. Ba4 b5 13. Bb3 Nc4 14. O-O g6 15.
Ng3 h5 16. Rd1 h4 17. Bxc4 hxg3 18. Bxd5 gxh2+ 19. Kh1 Nxd5 20. Rxd5 Qe7 21.
Nxb5 Bb6 22. Nc3 Bb7 23. Rd1 Rfd8 24. Kxh2 Kg7 25. Kg1 Rh8 26. Nd5 Qh4 27. Qc3+
f6 28. Qxf6+ Qxf6 29. Nxf6 Rad8 30. Nd7 Bc6 31. b4 Rxd7 32. Rxd7+ Bxd7 33. Bb2+
Kh7 34. Bxh8 Kxh8 35. Rd1 Bb5 36. a4 Bxa4 37. Rd6 Bc7 38. Rxa6 1-0

[Event "XXIX CAMPEONATO DE EUSKADI DE VETERANOS"]
[Site "Zarauz"]
[Date "2019.06.23"]
[Round "5.5"]
[White "Veiga Ramil, Jesus Angel"]
[Black "Cemborain Oricain, Alfonso"]
[Result "1-0"]
[WhiteElo "1726"]
[BlackElo "1891"]
[PlyCount "70"]
[EventDate "2019.06.22"]

1. Nf3 d5 2. b3 Nf6 3. Bb2 c5 4. e3 a6 5. c4 Bf5 6. d3 e6 7. Be2 Nc6 8. Nh4 Bg6
9. Nxg6 hxg6 10. Bf3 dxc4 11. Bxc6+ bxc6 12. bxc4 Rb8 13. Bc3 Qd6 14. f4 Rd8
15. d4 Ne4 16. Ba5 Rd7 17. Qf3 f5 18. Nc3 Nf6 19. Rd1 Kf7 20. dxc5 Qxc5 21.
Rxd7+ Nxd7 22. Bc7 Qxc4 23. Ne2 Bc5 24. O-O Qd5 25. Nd4 Bxd4 26. exd4 Qxd4+ 27.
Kh1 Qc5 28. Qd3 Nf6 29. Rb1 Qd5 30. Qxa6 Ne4 31. Qa7 Qd2 32. h3 Nc3 33. Rb7 Nb5
34. Qb6 Qd1+ 35. Kh2 Nxc7 1-0

[Event "XXIX CAMPEONATO DE EUSKADI DE VETERANOS"]
[Site "Zarauz"]
[Date "2019.06.23"]
[Round "5.6"]
[White "Gonzalez Izaguirre, Salustiano"]
[Black "Lazkano Gaite, Tomas"]
[Result "1-0"]
[WhiteElo "1739"]
[BlackElo "1685"]
[PlyCount "106"]
[EventDate "2019.06.22"]

1. d4 Nf6 2. c4 e6 3. Nc3 Bb4 4. Qc2 c5 5. Nf3 d5 6. e3 Nc6 7. dxc5 Ne4 8. Bd2
f5 9. Be2 d4 10. Nxe4 fxe4 11. Qxe4 dxe3 12. Qxe3 Qf6 13. Bxb4 Nxb4 14. Qb3 Nc6
15. O-O O-O 16. Rfd1 e5 17. Rf1 e4 18. Nd2 Nd4 19. Qd1 Qg6 20. Nb3 Bh3 21. g3
Nxe2+ 22. Qxe2 Bg4 23. Qe3 Bf3 24. Nd2 Qg4 25. Nxf3 exf3 26. Kh1 Rf6 27. Rg1
Rh6 28. Qf4 Qh3 29. g4 Rf6 30. Qg3 Qxg3 31. fxg3 Re8 32. Rge1 Re2 33. Rxe2 fxe2
34. Kg2 Rg6 35. h3 Rc6 36. Re1 Rxc5 37. b3 b5 38. cxb5 Rxb5 39. Rxe2 a5 40. Kf2
g5 41. Ke3 Kg7 42. Kd4 Kf6 43. Kc4 Rb4+ 44. Kc3 Rb5 45. a3 Rc5+ 46. Kd4 Rc1 47.
b4 axb4 48. axb4 Rb1 49. Kc5 Rc1+ 50. Kb6 Rc3 51. b5 Rxg3 52. Ra2 Ke7 53. Kb7
Kd7 1-0

[Event "XXIX CAMPEONATO DE EUSKADI DE VETERANOS"]
[Site "Zarauz"]
[Date "2019.06.23"]
[Round "5.7"]
[White "Goti Cordon, Luis Pedro"]
[Black "Saenz Martinez, Juan Jose"]
[Result "1/2-1/2"]
[WhiteElo "1243"]
[BlackElo "2201"]
[PlyCount "84"]
[EventDate "2019.06.22"]

1. Nf3 Nf6 2. g3 d6 3. Bg2 e5 4. d3 c5 5. c4 Nc6 6. Nc3 Be7 7. O-O h6 8. e4 O-O
9. Be3 Ng4 10. Bd2 f5 11. h3 Nf6 12. exf5 Bxf5 13. Be3 Nb4 14. Ne1 Qd7 15. Kh2
d5 16. Nxd5 Nbxd5 17. cxd5 Nxd5 18. Be4 Nxe3 19. fxe3 Bxh3 20. Rxf8+ Rxf8 21.
Nf3 Bd6 22. Qb3+ Be6 23. Qxb7 Qxb7 24. Bxb7 Rb8 25. Be4 Rxb2+ 26. Kg1 Bxa2 27.
Rxa2 Rxa2 28. Bd5+ Kf8 29. Bxa2 e4 30. dxe4 Bxg3 31. Kg2 Bc7 32. Bc4 a5 33. e5
a4 34. e6 Ke7 35. Nd2 Ba5 36. Ne4 Bb4 37. Ng3 g6 38. e4 Bc3 39. Ne2 Be5 40. Nc1
g5 41. Nd3 Bd4 42. Ne1 Be5 1/2-1/2

[Event "XXIX CAMPEONATO DE EUSKADI DE VETERANOS"]
[Site "Zarauz"]
[Date "2019.06.23"]
[Round "5.9"]
[White "Otano Villanueva, Joseba"]
[Black "Llorente Munoz, Carlos"]
[Result "1-0"]
[WhiteElo "1709"]
[BlackElo "1454"]
[PlyCount "110"]
[EventDate "2019.06.22"]

1. d4 Nf6 2. g3 g6 3. Bg2 Bg7 4. Nf3 d6 5. O-O O-O 6. c4 c5 7. Nc3 Nc6 8. d5
Na5 9. Qd3 b6 10. b3 Bf5 11. Qd1 Ne4 12. Nxe4 Bxa1 13. Ned2 Bg7 14. e4 Bd7 15.
h4 b5 16. Re1 bxc4 17. bxc4 Rb8 18. e5 Bg4 19. Qe2 Bxe5 20. Qd3 Bg7 21. Nh2 Bf5
22. Qe2 Re8 23. g4 Bd7 24. Qd3 e6 25. dxe6 Rxe6 26. Rxe6 Bxe6 27. h5 Be5 28. f3
gxh5 29. Bf1 Qh4 30. Qe2 Bd4+ 31. Kh1 hxg4 32. Qg2 h5 33. Ne4 Be5 34. f4 Bg7
35. Ng5 Rb1 36. Be3 Rxf1+ 37. Qxf1 Bxc4 38. Qg2 g3 39. Ngf3 Bd5 40. Nxh4 Bxg2+
41. Kxg2 gxh2 42. Kxh2 Nc4 43. Bc1 Kf8 44. f5 Be5+ 45. Kg2 Ke7 46. Bh6 Nb6 47.
Be3 c4 48. Bh6 c3 49. Kf3 Kd7 50. Ke4 Bf6 51. Bf4 d5+ 52. Kd3 d4 53. Bc1 Nd5
54. Nf3 Nb4+ 55. Ke4 Nxa2 1-0

[Event "XXIX CAMPEONATO DE EUSKADI DE VETERANOS"]
[Site "Zarauz"]
[Date "2019.06.23"]
[Round "6.1"]
[White "Ladron De Guevara Galar, Fco J"]
[Black "Fernandez Hernandez, Gerardo"]
[Result "1/2-1/2"]
[WhiteElo "2029"]
[BlackElo "2151"]
[PlyCount "84"]
[EventDate "2019.06.22"]

1. d4 Nf6 2. c4 e6 3. Nc3 Bb4 4. e3 c5 5. Bd3 O-O 6. Nf3 Nc6 7. O-O Bxc3 8.
bxc3 d6 9. e4 e5 10. d5 Ne7 11. Nh4 h6 12. Qf3 Ng6 13. Nf5 Bxf5 14. Qxf5 Qd7
15. Bxh6 gxh6 16. Qxf6 Nf4 17. Rfd1 Qg4 18. Bf1 Kh7 19. Re1 Rg8 20. g3 Qg6 21.
Qxg6+ Nxg6 22. Kh1 Ne7 23. Rab1 Rab8 24. a4 b6 25. Rb2 Rb7 26. a5 Rgb8 27. Reb1
Kg7 28. Bh3 Kf6 29. f4 Ng6 30. Bf5 Ne7 31. Bg4 Ng6 32. Bh5 exf4 33. Bxg6 fxg6
34. gxf4 g5 35. fxg5+ hxg5 36. Rf2+ Kg6 37. Rbf1 bxa5 38. Rf6+ Kg7 39. Rxd6 Rb2
40. Ra1 Rh8 41. Rxa5 Rhxh2+ 42. Kg1 Rhg2+ 1/2-1/2

[Event "XXIX CAMPEONATO DE EUSKADI DE VETERANOS"]
[Site "Zarauz"]
[Date "2019.06.23"]
[Round "6.2"]
[White "Besga Lopez, Jose Angel"]
[Black "Lakunza Oyarbide, Juan Carlos"]
[Result "0-1"]
[WhiteElo "2029"]
[BlackElo "2052"]
[PlyCount "94"]
[EventDate "2019.06.22"]

1. e4 e5 2. Nf3 Nc6 3. d4 exd4 4. Bc4 Nf6 5. O-O d6 6. Nxd4 Be7 7. Nc3 O-O 8.
Bf4 Ne5 9. Bxe5 dxe5 10. Nf3 Nd7 11. Qe2 c6 12. Rad1 Qc7 13. a4 Nc5 14. h3 Ne6
15. Bxe6 Bxe6 16. Qe3 h6 17. Rd2 Rfd8 18. Rfd1 Rxd2 19. Rxd2 a6 20. Ne2 b5 21.
Qc3 Bd6 22. axb5 axb5 23. Qd3 Rd8 24. b3 f6 25. Ng3 Kf7 26. Nh4 Be7 27. Qe2
Rxd2 28. Qxd2 Qd7 29. Qe2 Kg8 30. Ngf5 Bb4 31. Qg4 Kf8 32. Ng6+ Ke8 33. Nxg7+
Kf7 34. Nxe6 Qxe6 35. Nh8+ Ke7 36. Qg7+ Kd8 37. Qxh6 Kc7 38. Qh7+ Kb6 39. Ng6
Qd6 40. Qh8 Bc5 41. Nh4 Qd1+ 42. Kh2 Bxf2 43. Nf3 Be3 44. b4 Bf4+ 45. g3 Qe2+
46. Kh1 Qxf3+ 47. Kg1 Be3+ 0-1

[Event "XXIX CAMPEONATO DE EUSKADI DE VETERANOS"]
[Site "Zarauz"]
[Date "2019.06.23"]
[Round "6.4"]
[White "Vinal Gutierrez, Pedro"]
[Black "Veiga Ramil, Jesus Angel"]
[Result "1-0"]
[WhiteElo "2026"]
[BlackElo "1726"]
[PlyCount "32"]
[EventDate "2019.06.22"]

1. d4 Nf6 2. Bf4 g6 3. e3 Bg7 4. Nf3 d6 5. h3 O-O 6. Be2 c5 7. c3 cxd4 8. cxd4
Qa5+ 9. Qd2 Qxd2+ 10. Nbxd2 Nd5 11. Bg5 Re8 12. Rc1 h6 13. Bh4 Nc6 14. O-O e5
15. dxe5 dxe5 16. e4 f5 1-0

[Event "XXIX CAMPEONATO DE EUSKADI DE VETERANOS"]
[Site "Zarauz"]
[Date "2019.06.23"]
[Round "6.5"]
[White "Zubia Aramburu, Mikel"]
[Black "Otano Villanueva, Joseba"]
[Result "1-0"]
[WhiteElo "1668"]
[BlackElo "1709"]
[PlyCount "79"]
[EventDate "2019.06.22"]

1. c4 g6 2. g3 Bg7 3. Bg2 Nf6 4. e3 O-O 5. Ne2 c6 6. Nbc3 Na6 7. d4 Nc7 8. O-O
d5 9. cxd5 Nfxd5 10. e4 Nf6 11. Bg5 h6 12. Be3 Bd7 13. Qd2 Kh7 14. h3 Qc8 15.
Kh2 Nfe8 16. f4 Nd6 17. b3 Ndb5 18. Rac1 f5 19. d5 fxe4 20. Nxe4 Nxd5 21. Bd4
Nxd4 22. Nxd4 e5 23. Nd6 Qb8 24. fxe5 Be6 25. Nxe6 Rxf1 26. Rxf1 Bxe5 27. Rf7+
Kg8 28. Rf8+ Qxf8 29. Nxf8 Rxf8 30. Bxd5+ Kg7 31. Nxb7 cxd5 32. Qxd5 Rf2+ 33.
Kg1 Bxg3 34. Qd4+ Rf6 35. Qxa7 Rf7 36. Qd4+ Kh7 37. Nd8 Re7 38. Kg2 Be5 39. Qd5
h5 40. Nc6 1-0

[Event "XXIX CAMPEONATO DE EUSKADI DE VETERANOS"]
[Site "Zarauz"]
[Date "2019.06.23"]
[Round "6.6"]
[White "Saenz Martinez, Juan Jose"]
[Black "Gonzalez Izaguirre, Salustiano"]
[Result "1-0"]
[WhiteElo "2201"]
[BlackElo "1739"]
[PlyCount "61"]
[EventDate "2019.06.22"]

1. d4 c5 2. d5 e5 3. e4 d6 4. Nc3 Ne7 5. f4 exf4 6. Bxf4 Ng6 7. Bg3 Be7 8. Bb5+
Bd7 9. Bd3 a6 10. a4 Qc7 11. Qe2 Bf6 12. Nf3 O-O 13. O-O Bg4 14. h3 Bc8 15. Nd2
Nd7 16. Nc4 Nde5 17. Rxf6 Nxc4 18. Rxg6 hxg6 19. Bxc4 Qe7 20. Qf3 Bd7 21. Qf4
f5 22. Qxd6 Qxd6 23. Bxd6 Rfc8 24. e5 b5 25. axb5 axb5 26. Rxa8 Rxa8 27. Bxb5
Bxb5 28. Nxb5 Ra2 29. e6 Rxb2 30. e7 Kf7 31. Nc7 1-0

[Event "XXIX CAMPEONATO DE EUSKADI DE VETERANOS"]
[Site "Zarauz"]
[Date "2019.06.23"]
[Round "6.7"]
[White "Lazkano Gaite, Tomas"]
[Black "Cemborain Oricain, Alfonso"]
[Result "0-1"]
[WhiteElo "1685"]
[BlackElo "1891"]
[PlyCount "73"]
[EventDate "2019.06.22"]

1. d4 d5 2. c4 c6 3. Nf3 Nf6 4. Nc3 dxc4 5. e4 b5 6. a3 e6 7. e5 Nd5 8. Ne4 a6
9. b4 a5 10. Bg5 Qb6 11. Bd2 axb4 12. axb4 Rxa1 13. Qxa1 Nxb4 14. Qb2 Nd5 15.
Bxc4 bxc4 16. Qc2 Be7 17. O-O Ba6 18. Rb1 Qc7 19. Qa4 Bb5 20. Qd1 O-O 21. Bg5
Na6 22. Bxe7 Qxe7 23. Nfg5 h6 24. Qh5 Nf4 25. Qh4 Ne2+ 26. Kh1 Nc3 27. Nf6+
gxf6 28. Qxh6 fxg5 29. Re1 f6 30. Re3 Qg7 31. Qh5 Nd5 32. Rg3 Nf4 33. Qg4 f5
34. Qd1 Kf7 35. Kg1 Rd8 36. Qd2 Qxe5 37. Rxg5 0-1

[Event "XXIX CAMPEONATO DE EUSKADI DE VETERANOS"]
[Site "Zarauz"]
[Date "2019.06.23"]
[Round "6.8"]
[White "Arocena Uria, Jaime"]
[Black "Goti Cordon, Luis Pedro"]
[Result "1-0"]
[WhiteElo "1787"]
[BlackElo "1243"]
[PlyCount "83"]
[EventDate "2019.06.22"]

1. e4 e5 2. Nf3 d6 3. d4 exd4 4. Nxd4 Be7 5. Nc3 Nf6 6. Qf3 O-O 7. Nf5 Bxf5 8.
Qxf5 Nc6 9. Be3 Nb4 10. O-O-O a5 11. a3 Nc6 12. f4 Qc8 13. Qxc8 Rfxc8 14. h3
Re8 15. g4 Bf8 16. Bg2 Re7 17. g5 Nd7 18. Nd5 g6 19. Nxe7+ Nxe7 20. h4 Nb6 21.
Bxb6 cxb6 22. Rxd6 Nc6 23. Rd7 Bc5 24. Re1 Bf2 25. Re2 Bxh4 26. Rxb7 Nd4 27.
Rd2 Ne6 28. f5 Nc5 29. Rxb6 Rc8 30. Kb1 Bxg5 31. Re2 Kg7 32. Bh3 Rd8 33. Rb5
Rd1+ 34. Ka2 Nd7 35. fxg6 Bh6 36. gxf7 Nf8 37. Rxa5 Kh8 38. Rg2 Bg7 39. Ra8 h5
40. Rxf8+ Kh7 41. Rg8 Be5 42. f8=N+ 1-0